| 000 | 00860nam a2200217 4500 | ||
|---|---|---|---|
| 005 | 20150220142340.0 | ||
| 008 | 150220b cl||||| |||| 00| 0 spa d | ||
| 020 | _a9562824187 | ||
| 050 | 0 | 4 |
_aF3099 _bH57 2001 |
| 245 | 0 | 0 |
_aHistoria, política y ética de la verdad en Chile, 1891-2001 : _breflexiones sobre la paz social y la impunidad _c/ E. Lira, B. Loveman, T. Mifsud s.j., P. Salvat |
| 250 | _a1a ed. | ||
| 260 |
_aSantiago de Chile : _bCiencias Sociales, LOM ediciones : La Universidad Jesuita de Chile, _c2001. |
||
| 300 |
_a310 p. : _bil. ; _c21 cm. |
||
| 650 | 7 |
_2LEMB _aConflictos sociales _xHistoria _zChile |
|
| 651 | 7 |
_2LEMB _aChile _xPolítica y gobierno |
|
| 700 | 1 |
_aLoveman, Brian. _ecoaut. |
|
| 700 | 1 |
_aMifsud s.j. T. _ecoaut. |
|
| 700 | 1 |
_4Salvat, P. _ecoaut. |
|
| 711 | 2 | _aUniversidad Jesuita Alberto Hurtado. | |
| 942 |
_2lcc _cLIB |
||
| 999 |
_c88825 _d88825 |
||